000 00286 a2200145 4500
001 186166
020 _a84-294-4921-3
040 _cMagnum
100 _aSmith, Rod
240 1 0 _aCold Feet
_lING
245 1 0 _aCold Feet
300 _a77
697 _aLITERATURA INGLESA
942 _cBK
999 _c186166
_d186166